000 00925cad a22002175a 4500
001 L152790
008 110427s2009 xxk f 000 0 eng d
035 _a(Sirsi) u152790
041 0 _aeng
050 0 4 _a346.41043 $2 18
110 2 _aLand Registry
_95885
245 0 0 _aRegistering title to land
_bthe characteristics and advantages
_h[electronic resource]
260 _aLondon
_bLand Registry
_c2009
490 0 _aLand Registry Public Guides
_v8
520 _aInformation on how to register title to land. Explains the general characteristics and advantages of registration.
650 2 4 _aLAND REGISTRATION ACT 2002
651 4 _aEngland and Wales
_y1543-
690 _aPROPERTY-PROPERTY ACQUISITION AND DISPOSAL-REGISTRATION OF TITLE TO PROPERTY-LAND REGISTRATION
856 4 0 _uhttps://www.landreg.gov.uk/upload/documents/public_guide_008.pdf
_zView this item free of charge at www.landregistry.gov.uk
942 _n0
999 _c112214
_d112214